00730cam a2200169 450000500170000000800420001702000150005905000220007410000260009624502020012225000110032426000640033530000260039950400530042565000340047865000480051220250703105451.0030911sr2001 Ag 000 0 spa u a950508542704aKHA660 bH39 20011 aHayzus, Jorge Roberto10aFideicomiso b : finalidades en los ámbitos familiar y de negocios, Funciones del fiduciario, Patrimonios separados, Protección de los beneficiarios, Administración c / Jorge Roberto Hayzus. a1a ed. aBuenos Aires :bAstrea de Alfredo y Ricardo Depalma, c2001 axvi, 206 p. ;c23 cm. aIncluye apéndice, bibliografía : p. 203-206  72lembaFideicomiso zArgentina 72lembaFideicomisos y síndicos zArgentina